Country Chain Quiz - Statistics

General Stats
  • This quiz has been taken 123 times
  • The average score is 16 of 23
Answer Stats
Starting Letter Country % Correct
Q Qatar
100%
I Iraq
99%
I Iraq
99%
R Russia/Romania/Rwanda
97%
Y Yemen
89%
A Afghanistan/Azerbaijan
86%
N Norway
78%
D Denmark
72%
N Netherlands
68%
K Kiribati
65%
I Iran
64%
I Iceland/Ireland
63%
C Chad
62%
D Djibouti
62%
O Oman
61%
L Laos
59%
D Dominican Republic
55%
N Nepal
53%
S Switzerland/Swaziland
53%
M Mali/Malawi
52%
U United Kingdom
51%
N Nauru
50%
S San Marino
31%
No matching quizzes found
Score Distribution
Percent of People with Each Score
Percentile by Number Answered
Your Score History
You have not taken this quiz